Historia de la vida del buscón

Zapisane w:
Opis bibliograficzny
1. autor: Quevedo y Villegas, Francisco de
Format: Książka
Język:Undetermined
Wydane: Buenos Aires, Argentina Sopena 1942
Wydanie:2
Hasła przedmiotowe:
Etykiety: Dodaj etykietę
Nie ma etykietki, Dołącz pierwszą etykiete!

MARC

LEADER 00000nam a2200000Ia 4500
008 170316s9999 xx 000 0 und d
040 |a cru BVZT 
090 |a 862 Q-2h 
100 |a Quevedo y Villegas, Francisco de 
245 |a Historia de la vida del buscón 
250 |a 2 
260 |a Buenos Aires, Argentina  |b Sopena  |c 1942 
300 |a 125 páginas 
650 |a LITERATURA ESPAÑOLA 
999 |c 10316  |d 10316 
942 |c 15 D  |h 862 Q-2h  |2 z